Advanced embedded control of a miniaturized didactic device FurutaShield

Saved in:
Bibliographic Details
Main Author: Paučo, Michal (Author)
Other Authors: Gulan, Martin (Thesis advisor)
Format: Manuscript Book
Language:Slovak
English
Published: 2025
Subjects:
Online Access:http://is.stuba.sk/zp/portal_zp.pl?podrobnosti=185681
Tags: Add Tag
No Tags, Be the first to tag this record!

MARC

LEADER 00000ntm a22000003a 4500
001 stuzp105559
003 SK-STU
005 20250621210557.2
007 ta
008 150427s2015----xo-----f-mn---000-0-slo-d
040 |a STU  |b slo 
041 0 |a eng 
100 1 |a Paučo, Michal  |u 020020  |4 aut  |U SjF Strojnícka fakulta  |T SjF Ústav automatizácie, informatizácie a merania  |X 110709  |U J0020  |Y 802  |7 110709 
242 0 1 |a Pokročilé vnorené riadenie miniaturizovaného didaktického zariadenia FurutaShield  |y slo 
245 1 0 |a Advanced embedded control of a miniaturized didactic device FurutaShield 
260 |c 2025 
650 4 |a AutomationShield  |2 slo 
650 4 |a FurutaShield  |2 slo 
650 4 |a riadenie  |2 slo 
650 4 |a Arduino  |2 slo 
650 4 |a open source  |2 slo 
650 4 |a open source  |2 eng 
650 4 |a AutomationShield  |2 eng 
650 4 |a control  |2 eng 
650 4 |a Arduino  |2 eng 
650 4 |a FurutaShield  |2 eng 
700 1 |a Gulan, Martin  |u 020020  |k Z1  |4 ths  |U SjF Strojnícka fakulta  |T SjF Ústav automatizácie, informatizácie a merania  |X 49587  |U J0020  |Y 802  |7 A000049587 
856 4 |u http://is.stuba.sk/zp/portal_zp.pl?podrobnosti=185681